000 00979nam a2200253Ia 4500
003 OSt
005 20221005112303.0
006 a|||||r|||| 00| 0
007 ta
008 221004b |||||||| |||| 00| 0 pan d
020 _a9788178563961 (hbk)
_c250
024 _a13956
037 _b879, 18/08/2014, H.K. Prakashan
_cTextual
040 _aCRL
_cCRL
_bpan
041 _2pan
_apan
082 _aO153,3N321,5:g, Q3
100 _aਸਿੰਘ, ਬ੍ਰਹਮਜਗਦੀF
245 0 _aਕੋਠੇ ਖੜਕ ਸਿੰਘ
_b ਵਿFੈ ਵਸਤੂ ਅਤੇ ਬਿਜਤਾਂਤ ਜੁਗਤਾਂ
260 _aਅੰਮ੍ਰਿਤਸਰ
_bਵਾਰਿਸ Fਾਹ ਖ਼ਾਉ੍ਵਡੇFਨ ਭਾਰਤ
_c2013
300 _a224ਪੰ
_ccm.
650 _aਪੰਜਾਬੀ ਸਾਹਿਤ
942 _hO153,3N321,5:g, Q3
_cTEXL
_2cc
999 _c1024423
_d1024423